Compendio de políticas culturales / (Registro nro. 4809)

Detalles MARC
000 -LEADER
fixed length control field 01313nam a2200265Ia 4500
003 - CONTROL NUMBER IDENTIFIER
control field OSt
005 - DATE AND TIME OF LATEST TRANSACTION
control field 20200505123817.0
008 - FIXED-LENGTH DATA ELEMENTS--GENERAL INFORMATION
fixed length control field 191128s2010 ck a gr 000 0 spa d
020 ## - INTERNATIONAL STANDARD BOOK NUMBER
International Standard Book Number 9789589177334
040 ## - CATALOGING SOURCE
Original cataloging agency CO-JMCR
Transcribing agency CO-JMCR
041 0# - LANGUAGE CODE
Language code of text/sound track or separate title spa
082 04 - DEWEY DECIMAL CLASSIFICATION NUMBER
Classification number 306.09861 /
Item number M351c
100 1# - MAIN ENTRY--PERSONAL NAME
Personal name Moreno Zapata, Paula Marcela,
Relator term autora
9 (RLIN) 3945
245 10 - TITLE STATEMENT
Title Compendio de políticas culturales /
Statement of responsibility, etc. Moreno Zapata, Paula Marcela,
250 ## - EDITION STATEMENT
Edition statement Primera edición
260 ## - PUBLICATION, DISTRIBUTION, ETC.
Place of publication, distribution, etc. Bogotá :
Name of publisher, distributor, etc. Ministerio de Cultura,
Date of publication, distribution, etc. 2010
300 ## - PHYSICAL DESCRIPTION
Extent 655 páginas :
Other physical details tablas ;
Dimensions 28 cm.
505 ## - FORMATTED CONTENTS NOTE
Formatted contents note Contextos -- Las políticas culturales en Colombia -- Políticas -- Política para la gestión, protección y salvaguardia del patrimonio cultural -- Política de lectura y bibliotecas -- Política de concertación -- Política de gestión internacional de cultura
520 ## - SUMMARY, ETC.
Summary, etc. Todo acto cultural tiene consecuencias. Y toda política cultural deja un legado capaz de transformar a la sociedad. De las inmensas repercusiones de un acto, en apariencia lateral, puede dar fe la Real Expedición Botánica.
650 14 - SUBJECT ADDED ENTRY--TOPICAL TERM
Topical term or geographic name entry element Administración cultural
Geographic subdivision Colombia
9 (RLIN) 3946
650 24 - SUBJECT ADDED ENTRY--TOPICAL TERM
Topical term or geographic name entry element Política cultural
Geographic subdivision Colombia
9 (RLIN) 3947
650 24 - SUBJECT ADDED ENTRY--TOPICAL TERM
Topical term or geographic name entry element Acción cultural
Geographic subdivision Colombia
9 (RLIN) 3948
650 24 - SUBJECT ADDED ENTRY--TOPICAL TERM
Topical term or geographic name entry element Desarrollo cultural
Geographic subdivision Colombia
9 (RLIN) 3949
942 ## - ADDED ENTRY ELEMENTS (KOHA)
Source of classification or shelving scheme Dewey Decimal Classification
Koha item type Books
Existencias
Withdrawn status Lost status Source of classification or shelving scheme Materials specified (bound volume or other part) Damaged status Not for loan Home library Current library Shelving location Date acquired Source of acquisition Cost, normal purchase price Total Checkouts Full call number Barcode Date last seen Copy number Price effective from Koha item type
    Dewey Decimal Classification Donación--15/04/2018--     Biblioteca Pública José María del Castillo y Rada Biblioteca Pública José María del Castillo y Rada General Stacks 11/28/2019 Donación 0.00   306.09861 / M351c 430000546 05/16/2024 Ej.1 11/28/2019 Books